| 000 | 00564nam a2200205Ia 4500 | ||
|---|---|---|---|
| 005 | 20250106021628.0 | ||
| 008 | 240331s9999 xx 000 0 und d | ||
| 020 | _a8186962441 | ||
| 082 |
_bLOT _25484 _a305 |
||
| 245 | 0 |
_aBetween Tradition, Counter Tradition and Heresy _bContributions in Honour of Vina Mazumdar |
|
| 260 |
_aDelhi _bRainbow Publishers Limited _c2002 |
||
| 300 | _a392 p., | ||
| 650 | _aTradition | ||
| 650 | _aWomen | ||
| 650 | _aFeminism | ||
| 700 |
_aSarkar, L _eedt |
||
| 700 |
_aSharma, K _eedt |
||
| 700 |
_aKasturi, L _eedt |
||
| 942 | _cL | ||
| 999 |
_c1429 _d1429 |
||